000 00475nam a2200193Ia 4500
005 20240823015726.0
008 240823s9999||||xx |||||||||||||| ||und||
020 _a81-203-2749-7
041 _aENGLISH
082 _A621.317 P5
100 _aBimal K Bose
245 0 _aModern Power Electronics and AC Drives
250 _a1st
260 _c2005
_b"Prentice Hall of India,New Delhi"
500 _aYES
650 _aDrives
_bElectrical
942 _cBK
999 _c173092
_d173092